000
00316nam a2200121Ia 4500
008
190216s9999||||xx |||||||||||||| ||und||
100
_a
Dinesj Chandra Garg&Amp; Anilkumar Garg
245
0
_a
Income Tax Ready Reckoner
260
_b
Law And Management House
_c
1979
300
_a
384p
650
_a
Commerce
942
_c
BK
999
_c
4558
_d
4558